000 00781cam a22002413a 4500
001 5418
003 PGUSA
005 20140828083120.0
008 040401s2004||||xxu|||||s|||||000 | eng d
040 _aPGUSA
_beng
042 _adc
050 4 _aSB
100 1 _aRoe, Edward Payson,
_d1838-1888
245 1 4 _aThe Home Acre
_h[electronic resource] /
_cEdward Payson Roe
260 _bProject Gutenberg,
_c2004
505 0 _aTree-planting -- Fruit-trees and grass -- The garden -- The vineyard and orchard -- The raspberry -- The currant -- Strawberries -- The kitchen-garden.
506 _aPublic domain in the USA.
516 _aElectronic text
653 _aGardening
830 0 _aProject Gutenberg
_v5418
856 4 0 _uhttp://www.gutenberg.org/ebooks/5418
942 _cEB
999 _c234747
_d234747